| 000 | 01059nam a2200253 a 4500 | ||
|---|---|---|---|
| 008 | 081201s2008 ||||||||||||||||| || u | ||
| 020 | _a9780821373750 | ||
| 050 | _aIBRD(06)DPE/2008/2 | ||
| 100 | _aFredriksen, Birger | ||
| 245 | 1 | 0 |
_aToward a better future: education and training for economic development in Singapore since 1965 _cEdited by Lee Sing Kong, Goh Chor Boon, Birger Fredriksen, and Tan Jee Peng |
| 260 |
_aWashington, D.C. _bWorld Bank _c2008 |
||
| 300 | _axv, 206p. :ill | ||
| 350 | _a0.00 | ||
| 490 | _aDevelopment practice in education | ||
| 650 | _aEDUCATION--ECONOMIC ASPECTS--SINGAPORE | ||
| 650 | _aEDUCATION--SINGAPORE--AIMS AND OBJECTIVES | ||
| 650 | _aVOCATIONAL EDUCATION--SINGAPORE | ||
| 650 | _aSINGAPORE--ECONOMIC CONDITIONS | ||
| 700 | _aLee, Sing Kong | ||
| 700 | _aTan, Jee Peng | ||
| 700 | _aGoh, Chor Boon | ||
| 710 | _aWorld Bank | ||
| 995 |
_D0.00 _FCBU-MAIN LIBRARY (Kitwe) _H1 _I0.00 _M1 _UAVAILABLE _WDec 9, 2008 _ZInternational Publications |
||
| 999 |
_c60027 _d60027 |
||